|
|
|
|
| LEADER |
00000cam a2200000 7i4500 |
| 001 |
0000001440 |
| 002 |
000001584 |
| 005 |
20021111.0 |
| 020 |
|
|
|a T000000224
|
| 090 |
0 |
0 |
|a 128.2
|b STO
|
| 100 |
1 |
|
|a Stone, Robert B.
|
| 245 |
1 |
4 |
|a The Silva method [
|h kits] :
|b tapping the secrets of the mind for total self-mastery
|c Robert B. Stone
|
| 260 |
|
|
|a Illinois :
|b Nightingale-Conant ,
|c 19_
|
| 300 |
|
|
|a 7 sound cassettes
|e 1 handbook
|
| 650 |
0 |
0 |
|a Silva mind control
|x Mental healing
|
| 999 |
|
|
|a 00046
|b KASET DAN BUKU PANDUAN
|c KOLEKSI AUDIO VIDEO
|e PERPUSTAKAAN KOMUNITI PETALING JAYA
|
| 999 |
|
|
|a AV 01768
|b KASET DAN BUKU PANDUAN
|c PINJAMAN
|e PERPUSTAKAAN KOMUNITI PETALING JAYA
|